000 00740pam a2200181 a 4500
020 _a0894901494 :
082 0 0 _a515.33
_bCAT
_cL-1, P-12
100 1 _aThompson, Silvanus P.
_939197
245 1 0 _aCalculus made easy :
_bbeing a very-simplest introduction to those beautiful methods of reckoning which are generally called by the terrifying names of the differential calculus and the integral calculus /
_cby Silvanus P. Thompson.
250 _a1987 ed. /
260 _aHillside, N.J. :
_bEnslow Publishers,
_c1987.
300 _axiii, 301 p. ;
_c18 cm.
500 _aReprint. Originally published: London : Macmillan, 1919.
526 _a0
_b1
_c0
_d515_330000000000000_CAT
650 0 _aCalculus.
650 0 _aMCE
_9379
942 _2ddc
_cBK
999 _c543858
_d543858